| 000 | 01393nam a2200337 a 4500 | ||
|---|---|---|---|
| 001 | 000004143 | ||
| 003 | DO-SdBNP | ||
| 005 | 20250509170321.0 | ||
| 007 | ta | ||
| 008 | 090717e1996 dr fr 001 0 spa d | ||
| 020 | _a8492184523 | ||
| 040 |
_aDO-SdBNP _bspa _cBNPHU |
||
| 082 | 4 |
_a370.97293 _bS127g _222 |
|
| 100 | 1 |
_aSáez, Miguel _92988 |
|
| 245 | 1 | 0 |
_aGlobalización, desarrollo humano y educación / _cMiguel Sáez ; Presentación Rocio Hernández Mella, Marcos Villamán |
| 260 |
_aSanto Domingo : _bPREAL, _c1996. |
||
| 300 |
_a96 p. ; _c28cm. |
||
| 500 | _aIncluye referencias bibliográficas y notas al pie de las páginas | ||
| 504 | _aBibliografías : p. 73-75 | ||
| 505 |
_aPresentación-- _tParticipación en las reuniones especializadas, debates y foros-- _tIntroducción-- _tI. Globalización-- _tII. Desarrollo Humano Sustentabl.-- _tIII. Educación para la Globalización y el Desarrollo-- _tBibliografía. |
||
| 590 | _aInventariado 2022 / MF | ||
| 650 | 0 |
_aEducación _951588 |
|
| 650 | 0 |
_aGlobalización _91524 |
|
| 650 | 0 |
_aDesarrollo de la comunidad _9453 |
|
| 700 | 1 |
_aHernández Mella, Rocio _eed. _912263 |
|
| 700 | 1 |
_aVillamá , Marcos, _eed. _912264 |
|
| 710 | 2 |
_aPrograma de promoción de la reforma educativa en América Latina y el Caribe _963808 |
|
| 710 | 2 |
_aFaculdad Latinoamericana de Ciencias Sociales _913232 |
|
| 910 | _aMFeliz | ||
| 942 |
_2ddc _cLBS1 |
||
| 999 |
_c3959 _d3959 |
||